Welcome to CU Library Online Public Access Catalogue (OPAC)

WRITING WELL (Record no. 9434)

MARC details
000 -LEADER
fixed length control field 00330nam a22001217a 4500
005 - DATE AND TIME OF LATEST TRANSACTION
control field 20260422121001.0
008 - FIXED-LENGTH DATA ELEMENTS--GENERAL INFORMATION
fixed length control field 260422b |||||||| |||| 00| 0 eng d
050 ## - LIBRARY OF CONGRESS CALL NUMBER
Classification number PE1408 HAL
100 ## - MAIN ENTRY--PERSONAL NAME
Personal name HALL DONALD
245 ## - TITLE STATEMENT
Title WRITING WELL
Statement of responsibility, etc. DONALD HALL
260 ## - PUBLICATION, DISTRIBUTION, ETC.
Place of publication, distribution, etc. CANADA
Name of publisher, distributor, etc. LITTLE, BROWN & COMPANY (CANADA) LIMITED
Date of publication, distribution, etc. 1973
942 ## - ADDED ENTRY ELEMENTS (KOHA)
Source of classification or shelving scheme Library of Congress Classification
Koha item type Books
Suppress in OPAC No
999 ## -
-- 9434
-- 9434
Holdings
Withdrawn status Lost status Source of classification or shelving scheme Damaged status Not for loan Collection Home library Current library Shelving location Date acquired Total checkouts Full call number Barcode Date last seen Copy number Price effective from Koha item type
    Library of Congress Classification     Non-fiction Business Library (Miotso) Business Library (Miotso) General stacks 03/27/2026   PE1408 .K475 2006 BSSM00003430 04/22/2026 1 03/27/2026 Books
© 2023-2024 Copyright: Central University Libraries. All Rights Reserved | Created by: Mahone Tech Office